000 00598nam a2200157Ia 4500
008 090123s9999 xx 000 0 und d
082 _b31614
245 _aआहे मनोहर तरी वाचन आणि विवेचन
250 _a1
260 _bमौज प्रि.ब्यूरो
_c2000
300 _a290
630 _aआहे मनोहर तरी वाचन आणि विवेचन
700 _aराजाध्यक्ष विजया
730 _aआहे मनोहर तरी वाचन आणि विवेचन
942 _cBOOK
999 _c69673
_d69673